Management in the armed forces : (Record no. 551493)
[ view plain ]
| 000 -LEADER | |
|---|---|
| fixed length control field | 00715cam a2200193 i 4500 |
| 020 ## - INTERNATIONAL STANDARD BOOK NUMBER | |
| International Standard Book Number | 0070844852 : |
| 082 00 - DEWEY DECIMAL CLASSIFICATION NUMBER | |
| Classification number | 355.006 |
| Author Mark | DOW |
| 100 1# - MAIN ENTRY--PERSONAL NAME | |
| Personal name | Downey, John C. T. |
| 9 (RLIN) | 48620 |
| 245 10 - TITLE STATEMENT | |
| Title | Management in the armed forces : |
| Remainder of title | an anatomy of the military profession / |
| Statement of responsibility, etc. | J. C. T. Downey, with contributions by J. H. F. Eberle, M. C. Lanyon, D. C. Robinson. |
| 260 ## - PUBLICATION, DISTRIBUTION, ETC. | |
| Place of publication, distribution, etc. | London ; |
| -- | New York : |
| Name of publisher, distributor, etc. | McGraw-Hill, |
| Date of publication, distribution, etc. | c1977. |
| 300 ## - PHYSICAL DESCRIPTION | |
| Extent | xiv, 221 p. : |
| Other physical details | ill. ; |
| Dimensions | 24 cm. |
| 526 ## - STUDY PROGRAM INFORMATION NOTE | |
| Program name | 0 |
| Interest level | 0 |
| Reading level | 0 |
| Title point value | 355_006000000000000_DOW |
| 526 ## - STUDY PROGRAM INFORMATION NOTE | |
| Program name | 0 |
| Interest level | 0 |
| Reading level | 0 |
| Title point value | 355_006000000000000_DOW |
| 650 #0 - SUBJECT ADDED ENTRY--TOPICAL TERM | |
| Topical term or geographic name entry element | Armed Forces. |
| 9 (RLIN) | 38329 |
| 650 #0 - SUBJECT ADDED ENTRY--TOPICAL TERM | |
| Topical term or geographic name entry element | MCE |
| 9 (RLIN) | 379 |
| 650 #0 - SUBJECT ADDED ENTRY--TOPICAL TERM | |
| Topical term or geographic name entry element | Military administration. |
| 9 (RLIN) | 48621 |
| 650 #0 - SUBJECT ADDED ENTRY--TOPICAL TERM | |
| Topical term or geographic name entry element | Sociology, Military. |
| 9 (RLIN) | 48622 |
| 942 ## - ADDED ENTRY ELEMENTS (KOHA) | |
| Source of classification or shelving scheme | |
| Koha item type | Book |
| Withdrawn status | Lost status | Source of classification or shelving scheme | Damaged status | Not for loan | Permanent Location | Current Location | Date acquired | Total Checkouts | Full call number | Barcode | Date last seen | Price effective from | Koha item type |
|---|---|---|---|---|---|---|---|---|---|---|---|---|---|
| Military College of Engineering (MCE) | Military College of Engineering (MCE) | 12/16/2014 | 355.006 DOW | MCE-26432 | 12/16/2014 | 12/16/2014 | Book | ||||||
| Military College of Engineering (MCE) | Military College of Engineering (MCE) | 12/16/2014 | 355.006 DOW | MCE-26423 | 12/16/2014 | 12/16/2014 | Book |
